[Event "Kreuzberger Jugend-Elo-Turnier 2018"]
[Site "Berlin"]
[Date "2018.08.06"]
[Round "1.3"]
[White "Tschernatsch, Johannes"]
[Black "Flood, Yosime"]
[Result "1-0"]
[WhiteElo "1714"]
[BlackElo "1778"]
[Annotator "Andreas Lange"]
[PlyCount "67"]
[EventDate "2018.08.06"]
[EventType "tourn"]
[EventRounds "7"]
[EventCountry "GER"]
[SourceTitle "Jugend-Elo-Turnier 2018"]
[Source "Andreas Lange"]
[SourceDate "2018.08.12"]
[SourceVersion "1"]
[SourceVersionDate "2018.08.12"]
[SourceQuality "1"]
[WhiteTeam "USV Potsdam"]
[BlackTeam "SC Kreuzberg"]
[WhiteTeamCountry "GER"]
[BlackTeamCountry "GER"]

1. e4 e5 2. Nf3 Nc6 3. Bb5 a6 4. Ba4 Nf6 5. O-O b5 6. Bb3 Bb7 7. Re1 Bc5 8. c3
O-O 9. d4 Bb6 10. Bg5 (10. Nbd2 {1/2-1/2 (29) Sprenger,J (2506)-Nielsen,P 
(2649) Berlin 2016}) (10. Be3 {1-0 (45) Zontakh,A (2460)-Rause,O (2320) Berlin
1995}) 10... h6 11. dxe5 hxg5 12. exf6 Qxf6 13. Qxd7 Bc8 14. Qd2 g4 15. e5 Qg6
16. Ng5 Qf5 17. Bxf7+ Rxf7 18. Nxf7 Qxf7 19. Na3 Be6 20. Re2 Bxa2 21. b4 Be6
22. Qg5 Rd8 23. Nc2 Rd5 24. Kh1 Qf5 25. Qxf5 Bxf5 26. e6 Kf8 27. g3 Ne5 28.
Rxa6 Rd1+ 29. Kg2 Nf3 30. e7+ Kf7 31. e8=Q+ Kf6 32. Ne1 Bd7 33. Qf8+ Kg6 34.
Nxf3 1-0

[Event "Kreuzberger Jugend-Elo-Turnier 2018"]
[Site "Berlin"]
[Date "2018.08.06"]
[Round "1.2"]
[White "Lange, Cecilia"]
[Black "Doraszelski, Alexander"]
[Result "1-0"]
[WhiteElo "1959"]
[BlackElo "1490"]
[Annotator "Andreas Lange"]
[PlyCount "73"]
[EventDate "2018.08.06"]
[EventType "tourn"]
[EventRounds "7"]
[EventCountry "GER"]
[SourceTitle "Jugend-Elo-Turnier 2018"]
[Source "Andreas Lange"]
[SourceDate "2018.08.12"]
[SourceVersion "1"]
[SourceVersionDate "2018.08.12"]
[SourceQuality "1"]
[WhiteTeam "TSG Oberschoeneweide"]
[BlackTeam "SV Empor Berlin"]
[WhiteTeamCountry "GER"]
[BlackTeamCountry "GER"]

1. e4 c5 2. Nf3 Nc6 3. d4 cxd4 4. Nxd4 g6 5. Nc3 Bg7 6. Be3 Nf6 7. Bc4 O-O 8.
Bb3 d6 9. f3 Bd7 10. Qd2 Rc8 11. O-O-O Ne5 12. Kb1 Nc4 13. Bxc4 Rxc4 14. g4 a6
15. h4 b5 (15... h5 16. Bg5 Nxe4 17. Nxe4 Rxd4 18. Qe2 Rxd1+ 19. Rxd1 Qb6 20.
b3 hxg4 21. Bxe7 gxf3 22. Qxf3 Re8 23. Nf6+ Bxf6 24. Qxf6 Bf5 25. Rc1 Qc7 26.
Bxd6 Re6 27. Qxe6 {1-0 (27) Shapiro,Y (2003)-Weyers,G (1824) Berlin 2010}) 16.
b3 Rc8 17. h5 Qc7 18. Nd5 Nxd5 19. exd5 Qc3 20. Qf2 a5 21. Rd3 Qc7 22. Qh2 g5
23. Bxg5 f6 24. h6 Bh8 25. Bc1 a4 26. Rg1 axb3 27. cxb3 Be8 28. f4 Bf7 29. Ne6
Qd7 30. f5 Bxe6 31. fxe6 Qc7 32. g5 fxg5 33. Rxg5+ Bg7 34. Rxg7+ Kh8 35. Qb2
Rf2 36. Rg8+ Kxg8 37. Qg7# 1-0

[Event "Kreuzberger Jugend-Elo-Turnier 2018"]
[Site "Berlin"]
[Date "2018.08.07"]
[Round "2.3"]
[White "Doraszelski, Alexander"]
[Black "Tschernatsch, Johannes"]
[Result "1/2-1/2"]
[WhiteElo "1490"]
[BlackElo "1714"]
[Annotator "Andreas Lange"]
[PlyCount "132"]
[EventDate "2018.08.06"]
[EventType "tourn"]
[EventRounds "7"]
[EventCountry "GER"]
[SourceTitle "Jugend-Elo-Turnier 2018"]
[Source "Andreas Lange"]
[SourceDate "2018.08.12"]
[SourceVersion "1"]
[SourceVersionDate "2018.08.12"]
[SourceQuality "1"]
[WhiteTeam "SV Empor Berlin"]
[BlackTeam "USV Potsdam"]
[WhiteTeamCountry "GER"]
[BlackTeamCountry "GER"]

1. e4 c5 2. c3 e6 3. Nf3 Nc6 4. d4 cxd4 5. cxd4 d5 6. exd5 exd5 7. Bf4 (7. Nc3
{0-1 (52) Lehmann,K (2320)-Simon,R (2320) Deutschland 1989}) (7. Bb5 {1-0 (35)
Lehmann,K (2310)-Schmitt,M (1647) Berlin BSG 1827 Eckbauer 2005}) (7. Be2 {
1-0 (51) Baehr,M (1779)-Waltz,J (1510) Berlin 2006 VI. DBMM Schach [br]}) 7...
Nf6 8. Bb5 Qa5+ 9. Nc3 Bb4 10. Qe2+ Be6 11. O-O O-O 12. Bxc6 bxc6 13. Qd3 Rfc8
14. a3 Bxc3 15. bxc3 c5 16. Rfc1 c4 17. Qc2 Ne4 18. Nd2 Bf5 19. Nxe4 Bxe4 20.
Qb2 Qa6 21. a4 Qg6 22. Bg3 Rab8 23. Qd2 Rb3 24. f3 Bd3 25. a5 Re8 26. Re1 $11
f6 27. Bd6 Rxe1+ 28. Rxe1 h6 29. Bb4 $11 Bc2 30. Ra1 Qd3 31. Qf2 f5 32. h4 f4
33. Kh2 Rb2 34. Kh3 Qxc3 35. Bxc3 Bf5+ 36. g4 Rxf2 37. gxf5 Rxf3+ 38. Kg4 Rxc3
39. Kxf4 Rh3 40. Ke5 Rxh4 41. Kxd5 Rf4 42. Ke5 Rf3 43. d5 Kf7 44. Ke4 Rb3 45.
Kd4 c3 46. Kc4 Rb7 47. Kxc3 Kf6 48. Kd4 Kxf5 49. Kc5 Rc7+ 50. Kd6 Rc2 51. Re1
Ra2 52. Ke7 Rxa5 53. d6 Rd5 54. d7 g5 55. Rf1+ Kg4 56. Rg1+ Kh5 57. d8=Q Rxd8
58. Kxd8 g4 59. Ke7 Kg5 60. Ke6 h5 61. Ke5 h4 62. Ke4 h3 63. Ke3 Kh4 64. Kf4 (
64. Kf2 h2 (64... g3+ 65. Rxg3) (64... a5 65. Ra1) 65. Ra1) 64... h2 65. Rxg4+
Kh3 66. Rg8 h1=Q 1/2-1/2

[Event "Kreuzberger Jugend-Elo-Turnier 2018"]
[Site "Berlin"]
[Date "2018.08.07"]
[Round "2.4"]
[White "Namestnikov, Boris"]
[Black "Lange, Cecilia"]
[Result "1-0"]
[WhiteElo "1916"]
[BlackElo "1959"]
[Annotator "Andreas Lange"]
[PlyCount "37"]
[EventDate "2018.08.06"]
[EventType "tourn"]
[EventRounds "7"]
[EventCountry "GER"]
[SourceTitle "Jugend-Elo-Turnier 2018"]
[Source "Andreas Lange"]
[SourceDate "2018.08.12"]
[SourceVersion "1"]
[SourceVersionDate "2018.08.12"]
[SourceQuality "1"]
[WhiteTeam "SK Zehlendorf"]
[BlackTeam "TSG Oberschoeneweide"]
[WhiteTeamCountry "GER"]
[BlackTeamCountry "GER"]

1. e4 e6 2. d4 d5 3. Nd2 Be7 4. Ngf3 Nd7 (4... Nf6 {1/2-1/2 (56) Meissner,F 
(2352)-Figura,A (2381) Hamburg 2017}) 5. Bd3 c5 6. exd5 exd5 7. c3 c4 8. Bc2 b5
9. O-O Ngf6 10. Ne5 O-O 11. Nc6 Qc7 (11... Qe8 12. Re1 Ne4) 12. Nxe7+ Kh8 13.
Nxc8 Raxc8 14. Re1 b4 15. Nf3 Rfe8 16. Bd2 a5 17. Ba4 Qd6 18. Ne5 Rf8 19. Bf4
1-0

[Event "Kreuzberger Jugend-Elo-Turnier 2018"]
[Site "Berlin"]
[Date "2018.08.07"]
[Round "2.2"]
[White "Flood, Yosime"]
[Black "Schubert, Vincent"]
[Result "1/2-1/2"]
[WhiteElo "1778"]
[BlackElo "1296"]
[Annotator "Andreas Lange"]
[PlyCount "57"]
[EventDate "2018.08.06"]
[EventType "tourn"]
[EventRounds "7"]
[EventCountry "GER"]
[SourceTitle "Jugend-Elo-Turnier 2018"]
[Source "Andreas Lange"]
[SourceDate "2018.08.12"]
[SourceVersion "1"]
[SourceVersionDate "2018.08.12"]
[SourceQuality "1"]
[WhiteTeam "SC Kreuzberg"]
[BlackTeam "Borussia Lichtenberg"]
[WhiteTeamCountry "GER"]
[BlackTeamCountry "GER"]

1. e4 e5 2. Nf3 Nc6 3. Bc4 h6 4. c3 Nf6 5. d3 Be7 6. Qe2 (6. O-O {½-½ (42)
Puettner,R-Pilgrim,W Berlin 2013. Von den Berliner Referenzen das
Naheliegendste!!}) 6... d6 7. Nbd2 O-O 8. Nf1 Na5 9. Bb5 Bd7 10. Bxd7 Qxd7 11.
Ng3 b5 12. Nf5 Rfe8 13. h3 c6 14. g4 Qc7 15. g5 hxg5 16. Bxg5 g6 17. Rg1 Kh7
18. N3h4 Ng8 19. Qg4 Bxg5 20. Qxg5 Qd8 21. Qg4 Qf6 22. Ne3 Nb7 23. Nf3 Nc5 24.
O-O-O Kg7 25. h4 Kf8 26. h5 Nh6 27. Qh3 gxh5 28. Qxh5 Ke7 29. Kb1 1/2-1/2

[Event "Kreuzberger Jugend-Elo-Turnier 2018"]
[Site "Berlin"]
[Date "2018.08.08"]
[Round "3.2"]
[White "Tschernatsch, Johannes"]
[Black "Namestnikov, Boris"]
[Result "1-0"]
[WhiteElo "1714"]
[BlackElo "1916"]
[Annotator "Andreas Lange"]
[PlyCount "41"]
[EventDate "2018.08.06"]
[EventType "tourn"]
[EventRounds "7"]
[EventCountry "GER"]
[SourceTitle "Jugend-Elo-Turnier 2018"]
[Source "Andreas Lange"]
[SourceDate "2018.08.12"]
[SourceVersion "1"]
[SourceVersionDate "2018.08.12"]
[SourceQuality "1"]
[WhiteTeam "USV Potsdam"]
[BlackTeam "SK Zehlendorf"]
[WhiteTeamCountry "GER"]
[BlackTeamCountry "GER"]

1. e4 e6 2. d4 d5 3. exd5 exd5 4. Bd3 Bd6 5. Nf3 Ne7 6. O-O O-O 7. c4 c6 8. Nc3
Nd7 (8... dxc4 9. Bxc4 Nd7 {1/2-1/2 (21) Cornette,M (2600)-Meier,G (2634)
Berlin 2018} (9... Bg4 {1/2-1/2 (35) Kuzmin,G (2555)-Kruppa,Y (2535) Berlin
1997})) 9. cxd5 Nxd5 10. Nxd5 cxd5 11. Qb3 Nb6 12. Bc2 Be6 13. Ng5 Qd7 14.
Bxh7+ Kh8 15. Nxe6 Qxe6 16. Bc2 g6 17. Bh6 Rfe8 18. f4 Qf6 19. Qh3 Qxd4+ 20.
Kh1 Rac8 21. f5 1-0

[Event "Kreuzberger Jugend-Elo-Turnier 2018"]
[Site "Berlin"]
[Date "2018.08.08"]
[Round "3.3"]
[White "Schubert, Vincent"]
[Black "Doraszelski, Alexander"]
[Result "0-1"]
[WhiteElo "1296"]
[BlackElo "1490"]
[Annotator "Andreas Lange"]
[PlyCount "32"]
[EventDate "2018.08.06"]
[EventType "tourn"]
[EventRounds "7"]
[EventCountry "GER"]
[SourceTitle "Jugend-Elo-Turnier 2018"]
[Source "Andreas Lange"]
[SourceDate "2018.08.12"]
[SourceVersion "1"]
[SourceVersionDate "2018.08.12"]
[SourceQuality "1"]
[WhiteTeam "Borussia Lichtenberg"]
[BlackTeam "SV Empor Berlin"]
[WhiteTeamCountry "GER"]
[BlackTeamCountry "GER"]

1. d4 Nf6 2. c4 g6 3. Nc3 d5 4. Nf3 Bg7 5. e3 O-O 6. Bd3 c5 7. O-O Nc6 8. dxc5
dxc4 9. Bxc4 Qa5 10. a3 (10. Be2 Qxc5 11. Bd2 Rd8 12. Rc1 Bf5 13. Qa4 Qb4 14.
Qxb4 {1-0 (50) Heinsohn,T-Schrems,H Deutschland 1990}) 10... Qxc5 11. Ba2 Rd8
12. Qc2 Nd5 13. Bd2 Be6 14. Bxd5 Bxd5 15. Ne1 Bc4 16. Ne2 Qb5 0-1

[Event "Kreuzberger Jugend-Elo-Turnier 2018"]
[Site "Berlin"]
[Date "2018.08.09"]
[Round "4.3"]
[White "Namestnikov, Boris"]
[Black "Schubert, Vincent"]
[Result "1-0"]
[WhiteElo "1916"]
[BlackElo "1296"]
[Annotator "Andreas Lange"]
[PlyCount "59"]
[EventDate "2018.08.06"]
[EventType "tourn"]
[EventRounds "7"]
[EventCountry "GER"]
[SourceTitle "Jugend-Elo-Turnier 2018"]
[Source "Andreas Lange"]
[SourceDate "2018.08.12"]
[SourceVersion "1"]
[SourceVersionDate "2018.08.12"]
[SourceQuality "1"]
[WhiteTeam "SK Zehlendorf"]
[BlackTeam "Borussia Lichtenberg"]
[WhiteTeamCountry "GER"]
[BlackTeamCountry "GER"]

1. e4 e5 2. Nf3 Nf6 3. Nxe5 d6 4. Nf3 Nxe4 5. Nc3 Nxc3 6. dxc3 Be6 (6... Nc6 7.
Be3 Be7 8. Qd2 Be6 9. O-O-O Qd7 {1-0 (48) Karjakin,S (2763)-Caruana,F (2784)
Berlin Kuehlhaus 2018}) 7. Be3 Nc6 8. Bb5 a6 9. Ba4 b5 10. Bb3 Bxb3 11. axb3
Be7 12. Qd5 Ne5 13. Nxe5 dxe5 14. Qc6+ Kf8 15. Rxa6 Rxa6 16. Qxa6 b4 17. Qc6
bxc3 18. bxc3 f5 19. Ke2 Qd6 20. Qa8+ Qd8 21. Qb7 Kf7 22. Rd1 Qc8 23. Qc6 f4
24. Qd5+ Qe6 25. Bc5 Bxc5 26. Qxc5 Qg4+ 27. Ke1 Qxg2 28. Qxc7+ Kf6 29. Rd6+ Kg5
30. Qxg7+ 1-0

[Event "Kreuzberger Jugend-Elo-Turnier 2018"]
[Site "Berlin"]
[Date "2018.08.09"]
[Round "4.4"]
[White "Lange, Cecilia"]
[Black "Tschernatsch, Johannes"]
[Result "0-1"]
[WhiteElo "1959"]
[BlackElo "1714"]
[Annotator "Andreas Lange"]
[PlyCount "64"]
[EventDate "2018.08.06"]
[EventType "tourn"]
[EventRounds "7"]
[EventCountry "GER"]
[SourceTitle "Jugend-Elo-Turnier 2018"]
[Source "Andreas Lange"]
[SourceDate "2018.08.12"]
[SourceVersion "1"]
[SourceVersionDate "2018.08.12"]
[SourceQuality "1"]
[WhiteTeam "TSG Oberschoeneweide"]
[BlackTeam "USV Potsdam"]
[WhiteTeamCountry "GER"]
[BlackTeamCountry "GER"]

1. e4 c5 2. Nf3 d6 3. d4 cxd4 4. Nxd4 Nf6 5. Nc3 a6 6. Bg5 e6 7. Bd3 Be7 8. f4
Qc7 (8... Qb6 {0-1 (68) Bartoszek,N (1077)-Stuerzebecher,S (1550) Berlin BSG
1827 Eckbauer 2001}) (8... h6 {0-1 (21) Strehlow,H (2135)-Gruzmann,B (2196)
Berlin 2006 VI. DBMM Schach [br]}) 9. Qf3 O-O 10. Nb3 Nbd7 11. O-O b5 12. Rae1
Bb7 13. Qg3 Rfe8 14. Kh1 e5 15. Rf3 Nh5 16. Qh4 Bxg5 17. fxg5 Nf4 18. Ne2 Ng6
19. Qh5 d5 20. Rh3 dxe4 21. Qxh7+ Kf8 22. Ng3 Ke7 23. Nf5+ Kd8 24. Bf1 Qb6 25.
Qxg7 Qf2 26. Rd1 Qxf5 27. Nc5 Bc6 28. Rh7 Rf8 29. Rh6 Kc7 30. Nxd7 Bxd7 31. Qf6
Qxf6 32. gxf6 Bc6 0-1

[Event "Kreuzberger Jugend-Elo-Turnier 2018"]
[Site "Berlin"]
[Date "2018.08.10"]
[Round "5.2"]
[White "Schubert, Vincent"]
[Black "Lange, Cecilia"]
[Result "0-1"]
[WhiteElo "1296"]
[BlackElo "1959"]
[Annotator "Andreas Lange"]
[PlyCount "32"]
[EventDate "2018.08.06"]
[EventType "tourn"]
[EventRounds "7"]
[EventCountry "GER"]
[SourceTitle "Jugend-Elo-Turnier 2018"]
[Source "Andreas Lange"]
[SourceDate "2018.08.12"]
[SourceVersion "1"]
[SourceVersionDate "2018.08.12"]
[SourceQuality "1"]
[WhiteTeam "Borussia Lichtenberg"]
[BlackTeam "TSG Oberschoeneweide"]
[WhiteTeamCountry "GER"]
[BlackTeamCountry "GER"]

1. d4 Nf6 2. c4 g6 3. Nc3 d5 4. Nf3 Bg7 5. e3 O-O 6. Bd3 c5 7. O-O Nc6 8. dxc5
(8. cxd5 Nxd5 9. Nxd5 Qxd5 10. e4 Qd6 11. d5 {1/2-1/2 (26) Piotrowski,R (1756)
-Blum,N (1995) Berlin 2017 XVII. DBMM 2017 [Gebert Vangeel,Ralf]} (11. dxc5
Qxc5 12. Be3 Qd6 {1/2-1/2 (38) Rehder,F (1879)-Eichler,J (2095) Berlin SC
Friesen Lichtenberg 2012})) (8. a3 Bg4 9. cxd5 Nxd5 10. Be4 Nxc3 11. bxc3 {
0-1 (44) Berg,G (1512)-Schoene,M (1923) Berlin 2004 3. Lichtenberger Sommer})
8... dxc4 9. Bxc4 Qa5 10. a3 Qxc5 11. Ba2 Rd8 12. Qc2 Nd5 13. Bd2 Be6 14. Bxd5
Bxd5 15. Ne1 Bc4 16. Ne2 Qb5 0-1

[Event "Kreuzberger Jugend-Elo-Turnier 2018"]
[Site "Berlin"]
[Date "2018.08.10"]
[Round "5.4"]
[White "Flood, Yosime"]
[Black "Doraszelski, Alexander"]
[Result "1-0"]
[WhiteElo "1778"]
[BlackElo "1490"]
[Annotator "Andreas Lange"]
[PlyCount "57"]
[EventDate "2018.08.06"]
[EventType "tourn"]
[EventRounds "7"]
[EventCountry "GER"]
[SourceTitle "Jugend-Elo-Turnier 2018"]
[Source "Andreas Lange"]
[SourceDate "2018.08.12"]
[SourceVersion "1"]
[SourceVersionDate "2018.08.12"]
[SourceQuality "1"]
[WhiteTeam "SC Kreuzberg"]
[BlackTeam "SV Empor Berlin"]
[WhiteTeamCountry "GER"]
[BlackTeamCountry "GER"]

1. e4 c5 2. Nf3 Nc6 3. d4 cxd4 4. Nxd4 g6 5. Nc3 Bg7 6. Be3 Nf6 7. Bc4 O-O 8.
Bb3 d6 9. f3 Bd7 10. Qd2 Rc8 11. O-O-O Ne5 12. Kb1 Nc4 13. Bxc4 Rxc4 14. g4 h5
15. gxh5 Nxh5 16. Rhg1 (16. Nde2 b5 {0-1 (77) Schmidek,E (1719)-Buckels,V 
(1413) Oberhof 2011}) 16... a6 17. Nf5 gxf5 18. Bh6 f6 19. Qd5+ Kh7 20. Bxg7
Rc5 21. Qd2 Nxg7 22. Rxg7+ Kxg7 23. Rg1+ Kf7 24. Qh6 e5 25. Rg7+ Ke6 26. exf5+
Kxf5 27. Qh3+ Kf4 28. Qh4+ Ke3 29. Qe4+ 1-0

[Event "Kreuzberger Jugend-Elo-Turnier 2018"]
[Site "Berlin"]
[Date "2018.08.11"]
[Round "6.2"]
[White "Namestnikov, Boris"]
[Black "Flood, Yosime"]
[Result "1/2-1/2"]
[WhiteElo "1916"]
[BlackElo "1778"]
[Annotator "Andreas Lange"]
[PlyCount "87"]
[EventDate "2018.08.06"]
[EventType "tourn"]
[EventRounds "7"]
[EventCountry "GER"]
[SourceTitle "Jugend-Elo-Turnier 2018"]
[Source "Andreas Lange"]
[SourceDate "2018.08.12"]
[SourceVersion "1"]
[SourceVersionDate "2018.08.12"]
[SourceQuality "1"]
[WhiteTeam "SK Zehlendorf"]
[BlackTeam "SC Kreuzberg"]
[WhiteTeamCountry "GER"]
[BlackTeamCountry "GER"]

1. e4 e5 2. Nf3 Nc6 3. Bb5 a6 4. Ba4 Nf6 5. O-O b5 6. Bb3 Bb7 7. d3 Be7 8. Re1
O-O 9. Nbd2 d6 10. c3 Qd7 (10... g6 {1/2-1/2 (74) Lagunow,A (2405)-Stern,R 
(2370) Binz 1994}) (10... Na5 11. Bc2 c5 12. Nf1 Nc6 13. Ng3 g6 14. d4 cxd4 15.
cxd4 Rc8 16. Bh6 Re8 17. Rc1 exd4 18. Nxd4 Nxd4 19. Qxd4 Rc4 20. Qd3 Qc7 21.
Bb3 Rc5 22. Bf4 Nd7 23. Rxc5 Nxc5 24. Qc3 Bf8 25. Bc2 Bg7 26. Qd2 Be5 27. Bb1
Qe7 28. b4 Ne6 29. Be3 Rc8 30. Rc1 Rxc1+ 31. Qxc1 Qc7 32. Ne2 Qxc1+ 33. Bxc1
Nd4 34. Nxd4 Bxd4 35. Kf1 d5 36. f3 dxe4 37. fxe4 Kg7 38. Ke2 Kf6 39. Kd3 Be5
40. g3 g5 41. Bc2 Bc8 42. Bd2 h6 43. a4 Bd7 44. axb5 axb5 45. Bc3 Bxc3 46. Kxc3
Ke5 47. Kd3 Bc6 48. Ke3 Bb7 49. Bb3 f6 50. Bc2 Bc6 51. Bd3 Bd7 52. Be2 {
1/2-1/2 (52) Lange,C (1886)-Namestnikov,B (1399) Berlin 2018}) 11. Nf1 Nd8 12.
Ng3 g6 13. Be3 c5 14. Qe2 Re8 15. Qd2 Bf8 16. Bh6 Bg7 17. Bxg7 Kxg7 18. Ng5 h6
19. Nf3 Ne6 20. Rad1 Nf4 21. Bc2 Qg4 22. Re3 Rad8 23. h3 Qc8 24. Ree1 Qc7 25.
Bb1 a5 26. d4 b4 27. d5 Qb6 28. c4 a4 29. Bd3 Ra8 30. Bf1 Qd8 31. Rc1 Nh7 32.
Qe3 Qa5 33. Ne2 g5 34. Ng3 Bc8 35. Nh2 Qd8 36. Be2 Nf6 37. Ng4 Kh7 38. Nxf6+
Qxf6 39. Bg4 Rg8 40. Qf3 Bxg4 41. hxg4 Nh3+ 42. Kf1 Qxf3 43. gxf3 Nf4 44. Rcd1
1/2-1/2

[Event "Kreuzberger Jugend-Elo-Turnier 2018"]
[Site "Berlin"]
[Date "2018.08.11"]
[Round "6.4"]
[White "Tschernatsch, Johannes"]
[Black "Schubert, Vincent"]
[Result "1-0"]
[WhiteElo "1714"]
[BlackElo "1296"]
[Annotator "Andreas Lange"]
[PlyCount "29"]
[EventDate "2018.08.06"]
[EventType "tourn"]
[EventRounds "7"]
[EventCountry "GER"]
[SourceTitle "Jugend-Elo-Turnier 2018"]
[Source "Andreas Lange"]
[SourceDate "2018.08.12"]
[SourceVersion "1"]
[SourceVersionDate "2018.08.12"]
[SourceQuality "1"]
[WhiteTeam "USV Potsdam"]
[BlackTeam "Borussia Lichtenberg"]
[WhiteTeamCountry "GER"]
[BlackTeamCountry "GER"]

1. e4 e5 2. Nf3 Nc6 3. Bb5 Nf6 4. O-O d6 5. Re1 Bd7 6. c3 (6. d4 {1-0 (43)
Spassky,B (2610)-Wockenfuss,K (2390) Deutschland 1982}) 6... Ne7 (6... a6 7.
Ba4 Be7 {1-0 (43) Junge,R (2370)-Neunhoeffer,H (2270) Deutschland 1989}) 7. Bc4
h6 8. Qb3 Be6 9. Bxe6 fxe6 10. Qxe6 Qc8 11. Qb3 g5 12. d4 exd4 13. cxd4 Nc6 14.
e5 Ng4 15. h3 1-0

[Event "Kreuzberger Jugend-Elo-Turnier 2018"]
[Site "Berlin"]
[Date "2018.08.12"]
[Round "7.3"]
[White "Flood, Yosime"]
[Black "Lange, Cecilia"]
[Result "1-0"]
[WhiteElo "1778"]
[BlackElo "1959"]
[Annotator "Andreas Lange"]
[PlyCount "93"]
[EventDate "2018.08.06"]
[EventType "tourn"]
[EventRounds "7"]
[EventCountry "GER"]
[SourceTitle "Jugend-Elo-Turnier 2018"]
[Source "Andreas Lange"]
[SourceDate "2018.08.12"]
[SourceVersion "1"]
[SourceVersionDate "2018.08.12"]
[SourceQuality "1"]
[WhiteTeam "SC Kreuzberg"]
[BlackTeam "TSG Oberschoeneweide"]
[WhiteTeamCountry "GER"]
[BlackTeamCountry "GER"]

1. d4 Nf6 2. Bf4 g6 3. Nc3 d5 4. e3 Bg7 5. h4 O-O (5... h6 {1/2-1/2 (25)
Albrecht,R (2067)-Hoffmann,P (1948) Berlin 2017}) (5... a6 {0-1 (26) Schubert,
J-Paulsen,D Berlin 2018}) (5... c5 {0-1 (33) Albrecht,R (2047)-Barath,M (2285)
Berlin 2017}) 6. h5 Nxh5 7. Rxh5 gxh5 8. Qxh5 c6 9. Bd3 f5 10. Nf3 Qe8 11. Qh2
Nd7 12. O-O-O e6 13. Rh1 Qg6 14. g4 Nf6 15. Ne5 Nxg4 16. Nxg4 h5 17. Ne5 Qh7
18. Qg3 Re8 19. Qg5 Kf8 20. Rxh5 Qg8 21. Qg6 Re7 22. Rh7 Bxe5 23. Qxg8+ Kxg8
24. Rxe7 Bxf4 25. exf4 Kf8 26. Rh7 Ke8 27. Na4 b6 28. Ba6 Kd8 29. Bxc8 Kxc8 30.
Kd2 Rb8 31. Rxa7 Rb7 32. Rxb7 Kxb7 33. Kd3 Ka6 34. b3 Kb5 35. a3 Ka5 36. Nc3
Ka6 37. Ne2 Kb7 38. c4 Kc7 39. b4 Kb7 40. c5 b5 41. Ng3 Kc7 42. Kc3 Kb7 43. Nh5
Kc7 44. Kb3 Kd7 45. a4 bxa4+ 46. Kxa4 Kc7 47. Ka5 1-0

[Event "Kreuzberger Jugend-Elo-Turnier 2018"]
[Site "Berlin"]
[Date "2018.08.12"]
[Round "7.4"]
[White "Doraszelski, Alexander"]
[Black "Namestnikov, Boris"]
[Result "1/2-1/2"]
[WhiteElo "1490"]
[BlackElo "1916"]
[Annotator "Andreas Lange"]
[PlyCount "43"]
[EventDate "2018.08.06"]
[EventType "tourn"]
[EventRounds "7"]
[EventCountry "GER"]
[SourceTitle "Jugend-Elo-Turnier 2018"]
[Source "Andreas Lange"]
[SourceDate "2018.08.12"]
[SourceVersion "1"]
[SourceVersionDate "2018.08.12"]
[SourceQuality "1"]
[WhiteTeam "SV Empor Berlin"]
[BlackTeam "SK Zehlendorf"]
[WhiteTeamCountry "GER"]
[BlackTeamCountry "GER"]

1. e4 e6 2. Nf3 d5 3. Nc3 dxe4 4. Nxe4 Nd7 5. d4 Ngf6 6. Nxf6+ Nxf6 7. Bd3 c5
8. dxc5 Bxc5 9. O-O Qc7 (9... O-O {1/2-1/2 (61) Kalinitschew,S (2389)-Giemsa,S
(2331) Berlin-Lichtenrade 2014}) (9... Qb6 {1-0 (44) Birkholz,A (1857)-Graf,A 
(1830) Berlin 2013}) 10. Qe2 Bd6 11. Re1 Bd7 12. h3 O-O-O 13. Bd2 Nd5 14. Ne5
Bxe5 15. Qxe5 Qxe5 16. Rxe5 f6 17. Ree1 e5 18. Be4 Be8 19. Bxd5 Rxd5 20. Be3
Kb8 21. Red1 Rxd1+ 22. Rxd1 1/2-1/2